00596nam a2200205Ia 450000500170000000800460001703700110006304000080007404000080008204000080009004100080009804100080010608400080011410000450012224501090016726000090027630000100028565000130029570000820030820260430150118.0008 250103s9999 xx 000 0 eng d aTheses aCRL beng ceng 2eng aeng qCRL aKaur Amanpreet Au.; Kar Rabi Narayan Gu. 0aPerformance of socially responsible investing: A Comparative study of developing and developed countries c2022 a277p. aCommerce aUniversity of Delhi. Faculty of Commerce and Business. Department of Commerce